| 000 | 00687nam a22002057a 4500 | ||
|---|---|---|---|
| 005 | 20180713142908.0 | ||
| 010 | _aENG-123465 | ||
| 020 |
_a8178243687 _c1795.00 |
||
| 035 | _aEN-106997 | ||
| 037 | _bDBAD/PUB | ||
| 082 | _a304.20954 | ||
| 245 |
_aIndia's environmental history : _ced. by Mahesh Rangarajan [and] K Sivaramakrishnan _bfrom ancient times to the colonial period / |
||
| 250 | _a3rd | ||
| 260 |
_aRanikhet _bPermanent Black _c2017 |
||
| 270 |
_aHimalayana, Mall Road, Ranikhet Cantt. _bRanikhet _e263645 |
||
| 300 | v |
_avi,431p. _c21cm(pbk) |
|
| 700 | _a Rangarajan, Mahesh | ||
| 700 | _aSivaramakrishnan, K | ||
| 942 |
_2ddc _cEN _mIND _h304.20954 |
||
| 999 |
_c153994 _d153994 |
||